| 000 | 00963nam a22003137a 4500 | ||
|---|---|---|---|
| 001 | BR0601849 | ||
| 003 | BR-BrBNA | ||
| 005 | 20230928102141.0 | ||
| 007 | ta | ||
| 008 | 230509b bl.||||| |||| 00| 0 por d | ||
| 040 |
_aBR-BrBNA _bpor _cBiblioteca Nacional de Agricultura |
||
| 041 | _a(Por) | ||
| 072 |
_aF02; F01; F50 _b1112 |
||
| 090 | _ 1112 BR0601849 | ||
| 100 | 1 | _aRocha, H.S. | |
| 110 | 1 |
_aUniversidade Federal de Lavras, MG (Brasil) _0Tese (Mestrado) |
|
| 245 | 1 | _aLuz e sacarose na micropropagação da bananeira 'Prata Anã': alterações morfoanatômicas | |
| 260 | 3 |
_aLavras, MG (Brasil): _c2005. |
|
| 300 | _a98 p. | ||
| 500 | _aSummaries (Eng, Por); Bibliography p. 90-98; 21 illus.; 40 tables | ||
| 650 | _aBANANA PRATA | ||
| 650 | _aBANANA ANÃ | ||
| 650 | _aMICROPROPAGAÇÃO | ||
| 650 | _aACLIMATAÇÃO | ||
| 650 | _aANATOMIA VEGETAL | ||
| 650 | _aMORFOLOGIA VEGETAL | ||
| 909 |
_a202309 _bLucia _c55 _dLucia Elande |
||
| 942 | _cBK | ||
| 999 |
_c69386 _d69386 |
||